000 00661nam a2200181Ia 4500
008 151018s9999 xx 000 0 und d
082 _bRBASDV29974
_a150
100 _aअनघा पाटील
245 _aजीवनोपयोगी मानसशास्त्र
250 _b1
260 _bउन्मेष प्रकाशन पुणे
_c1998
300 _a169
600 _aअनघा पाटील
630 _aजीवनोपयोगी मानसशास्त्र
700 _aअनघा पाटील
730 _aजीवनोपयोगी मानसशास्त्र
942 _cBOOK
999 _c1029518
_d1029515